[Event "X GRAN TORNEO INTERNACIONAL AFICIONADOS S-2300 "]
[Site "Benidorm (Alicante - SPAIN)"]
[Date "2011.12.08"]
[Round "8"]
[Board "1"]
[White "Lillo Ferrer, Jose Maria M"]
[Black "Larsen, Tor Ketil"]
[Result "1-0"]
[WhiteElo "2126"]
[BlackElo "1967"]
[PlyCount "57"]
[EventDate "2011.12.02"]
[EventRounds "10"]
[EventCountry "ESP"]

1. e4 d6 2. d4 Nf6 3. Nc3 g6 4. Bg5 c6 5. Qd2 Qa5 6. f4 Bg7 7. Bd3 Na6 8. Nf3
c5 9. d5 Nb4 10. O-O Nxd3 11. cxd3 Bg4 12. e5 Bxf3 13. exf6 exf6 14. Qe3+ Kd7
15. Qxf3 fxg5 16. fxg5 Rhf8 17. Kh1 Bxc3 18. bxc3 Qxc3 19. Qh3+ Kc7 20. Qxh7
Qxd3 21. Rxf7+ Kb6 22. Rxb7+ Ka6 23. Rbb1 Rh8 24. Qb7+ Ka5 25. Qc7+ Ka4 26.
Qxd6 Rxh2+ 27. Qxh2 c4 28. Rd1 Qc3 29. Rac1 1-0

[Event "X GRAN TORNEO INTERNACIONAL AFICIONADOS S-2300 "]
[Site "Benidorm (Alicante - SPAIN)"]
[Date "2011.12.08"]
[Round "8"]
[Board "1"]
[White "Garcia De Lomas Guerrero, Carlo"]
[Black "Castellanos Bogalo, Antonio"]
[Result "1/2-1/2"]
[WhiteElo "1976"]
[BlackElo "2111"]
[PlyCount "47"]
[EventDate "2011.12.02"]
[EventRounds "10"]
[EventCountry "ESP"]

1. e4 e5 2. Nf3 Nc6 3. d4 exd4 4. Nxd4 Bc5 5. Be3 Bxd4 6. Bxd4 Nxd4 7. Qxd4 Qf6
8. e5 Qb6 9. Qxb6 axb6 10. Nc3 f6 11. Nd5 Kd8 12. exf6 Nxf6 13. Nxf6 gxf6 14.
Bd3 Ra5 15. a3 d6 16. g3 Re5+ 17. Kd2 f5 18. Rae1 Ke7 19. f4 Rxe1 20. Rxe1+ Kf6
21. Re3 Bd7 22. Ke2 h5 23. h4 Bc6 24. Kf2 1/2-1/2

[Event "X GRAN TORNEO INTERNACIONAL AFICIONADOS S-2300 "]
[Site "Benidorm (Alicante - SPAIN)"]
[Date "2011.12.08"]
[Round "8"]
[Board "1"]
[White "Landa Monux, Josu"]
[Black "Alvarez Escudero, Manuel"]
[Result "1-0"]
[WhiteElo "2053"]
[BlackElo "1835"]
[PlyCount "51"]
[EventDate "2011.12.02"]
[EventRounds "10"]
[EventCountry "ESP"]

1. d4 d5 2. c4 c6 3. Nc3 e6 4. e3 Nf6 5. Bd3 b6 6. Nge2 Bb7 7. b3 c5 8. O-O
cxd4 9. exd4 dxc4 10. bxc4 Be7 11. Be3 Nc6 12. Rb1 Nb4 13. Rxb4 Bxb4 14. Qa4+
Qd7 15. Qxb4 Qc6 16. f3 Rd8 17. Rd1 Nd7 18. d5 exd5 19. cxd5 Qc7 20. Nb5 Qe5
21. Nd6+ Kf8 22. Nxb7+ Nc5 23. Bxc5+ bxc5 24. Qxc5+ Qe7 25. d6 Qh4 26. d7+ 1-0

[Event "X GRAN TORNEO INTERNACIONAL AFICIONADOS S-2300 "]
[Site "Benidorm (Alicante - SPAIN)"]
[Date "2011.12.08"]
[Round "8"]
[Board "1"]
[White "Westerweele, Henrik"]
[Black "Vinals, Rioja Jaume"]
[Result "1/2-1/2"]
[WhiteElo "1961"]
[BlackElo "2039"]
[PlyCount "36"]
[EventDate "2011.12.02"]
[EventRounds "10"]
[EventCountry "ESP"]

1. e4 d5 2. d4 dxe4 3. Nc3 Nf6 4. f3 exf3 5. Nxf3 Bg4 6. h3 Bxf3 7. Qxf3 c6 8.
Qf2 e6 9. Bd3 Qc7 10. Bg5 Be7 11. O-O h6 12. Bf4 Bd6 13. Bxd6 Qxd6 14. Ne4 Qe7
15. Nxf6+ gxf6 16. Qxf6 Qxf6 17. Rxf6 Nd7 18. Rf2 Ke7 1/2-1/2

[Event "X GRAN TORNEO INTERNACIONAL AFICIONADOS S-2300 "]
[Site "Benidorm (Alicante - SPAIN)"]
[Date "2011.12.08"]
[Round "8"]
[Board "1"]
[White "Fernandez Garcia, Ignacio"]
[Black "Soler Giner, Salvador"]
[Result "0-1"]
[WhiteElo "1908"]
[BlackElo "2030"]
[PlyCount "54"]
[EventDate "2011.12.02"]
[EventRounds "10"]
[EventCountry "ESP"]

1. e4 c6 2. d4 d5 3. Nc3 dxe4 4. Nxe4 Bf5 5. Ng3 Bg6 6. Bc4 Nf6 7. Nf3 Nbd7 8.
O-O e6 9. Re1 Be7 10. Ng5 O-O 11. Bxe6 fxe6 12. Nxe6 Qb6 13. Nxf8 Bxf8 14. c3
Qc7 15. Bg5 h6 16. Bd2 Bd6 17. Qf3 Rf8 18. Re2 Kh7 19. Re6 Ne4 20. Qe2 Rxf2 21.
Qe3 Bf4 22. Qxf2 Nxf2 23. Bxf4 Qxf4 24. Rf1 Nf6 25. Rxf2 Qc1+ 26. Nf1 Nd5 27.
h3 Bd3 0-1

[Event "X GRAN TORNEO INTERNACIONAL AFICIONADOS S-2300 "]
[Site "Benidorm (Alicante - SPAIN)"]
[Date "2011.12.08"]
[Round "8"]
[Board "1"]
[White "Sanz Bastos, Fernando"]
[Black "Ridameya, Tatche Jose Miguel"]
[Result "1/2-1/2"]
[WhiteElo "2063"]
[BlackElo "1938"]
[PlyCount "21"]
[EventDate "2011.12.02"]
[EventRounds "10"]
[EventCountry "ESP"]

1. e4 e5 2. Nf3 d6 3. d4 exd4 4. Nxd4 Nf6 5. Nc3 Be7 6. Be2 O-O 7. O-O a6 8.
Be3 Bd7 9. f4 Nc6 10. Bf3 Nxd4 11. Bxd4 1/2-1/2

[Event "X GRAN TORNEO INTERNACIONAL AFICIONADOS S-2300 "]
[Site "Benidorm (Alicante - SPAIN)"]
[Date "2011.12.08"]
[Round "8"]
[Board "1"]
[White "Rios Garcia, Miguel"]
[Black "Alonso Jimenez, Joan"]
[Result "1-0"]
[WhiteElo "2006"]
[BlackElo "1985"]
[PlyCount "57"]
[EventDate "2011.12.02"]
[EventRounds "10"]
[EventCountry "ESP"]

1. e4 c5 2. Nf3 Nc6 3. d4 cxd4 4. c3 d3 5. Bxd3 d6 6. Bg5 h6 7. Bh4 g5 8. Bg3
Bg7 9. Qc2 Bd7 10. Nbd2 Qa5 11. O-O O-O-O 12. a4 Ne5 13. Bxe5 dxe5 14. b4 Qc7
15. Rfc1 e6 16. c4 a5 17. b5 b6 18. Rab1 Bf8 19. Nb3 Kb8 20. Nxa5 Ba3 21. Nb3
Rc8 22. Nfd2 Ne7 23. a5 Qd6 24. Ra1 Bxc1 25. Qxc1 Bxb5 26. axb6 Kb7 27. c5 Qxd3
28. c6+ Kxb6 29. Qc5+ 1-0

[Event "X GRAN TORNEO INTERNACIONAL AFICIONADOS S-2300 "]
[Site "Benidorm (Alicante - SPAIN)"]
[Date "2011.12.09"]
[Round "9"]
[Board "1"]
[White "Ferrer Sanchez, Pedro Jesus"]
[Black "Exposito Amaro, Josue"]
[Result "0-1"]
[WhiteElo "2156"]
[BlackElo "2250"]
[PlyCount "78"]
[EventDate "2011.12.02"]
[EventRounds "10"]
[EventCountry "ESP"]

1. e4 c5 2. Nf3 g6 3. d4 cxd4 4. Nxd4 Nc6 5. Ne2 Nf6 6. Nbc3 Bg7 7. g3 b5 8.
Bg2 Rb8 9. O-O O-O 10. h3 d6 11. Bg5 Ne5 12. Qc1 b4 13. Nd5 Nxd5 14. exd5 Nc4
15. Rb1 Re8 16. Bh6 Bf6 17. Qf4 Ba6 18. Nd4 Ne5 19. Rfe1 Qb6 20. Rbd1 Nd3 21.
Rxd3 Bxd3 22. Nc6 Bf5 23. g4 Be5 24. Rxe5 dxe5 25. Nxe5 g5 26. Qxg5+ Bg6 27.
Nc6 f6 28. Qf4 Rbc8 29. h4 Qc5 30. h5 Bxc2 31. g5 Qd6 32. Qc4 Bf5 33. g6 e5 34.
gxh7+ Kxh7 35. Bd2 Rg8 36. Kf1 Rxc6 37. Qxc6 Bd3+ 38. Kg1 Qxc6 39. dxc6 Be4 0-1

[Event "X GRAN TORNEO INTERNACIONAL AFICIONADOS S-2300 "]
[Site "Benidorm (Alicante - SPAIN)"]
[Date "2011.12.09"]
[Round "9"]
[Board "1"]
[White "Sanchez, Botella Luis Javier"]
[Black "San Emeterio Rubio, Jose"]
[Result "1-0"]
[WhiteElo "2221"]
[BlackElo "2025"]
[PlyCount "49"]
[EventDate "2011.12.02"]
[EventRounds "10"]
[EventCountry "ESP"]

1. c4 e5 2. Nc3 Bb4 3. g3 Nc6 4. Bg2 Bxc3 5. dxc3 d6 6. e4 Be6 7. Qe2 Nge7 8.
Nf3 f6 9. Nd2 Qd7 10. Nf1 O-O 11. Ne3 a5 12. Nd5 a4 13. O-O Na5 14. Rd1 Nc8 15.
b4 Nxc4 16. Qxc4 c6 17. Nxf6+ gxf6 18. Qe2 b5 19. Be3 Qf7 20. f4 Qg7 21. Rd2
Rb8 22. Qh5 Qg4 23. Qh6 Rf7 24. Rf1 Rg7 25. f5 1-0

[Event "X GRAN TORNEO INTERNACIONAL AFICIONADOS S-2300 "]
[Site "Benidorm (Alicante - SPAIN)"]
[Date "2011.12.09"]
[Round "9"]
[Board "1"]
[White "Garcia Lopez, Miguel Angel"]
[Black "Seletsky, Grigory"]
[Result "0-1"]
[WhiteElo "2232"]
[BlackElo "2280"]
[PlyCount "41"]
[EventDate "2011.12.02"]
[EventRounds "10"]
[EventCountry "ESP"]

1. e4 e6 2. d4 d5 3. Nc3 Nf6 4. Bg5 Bb4 5. Nge2 h6 6. Bxf6 Qxf6 7. a3 Ba5 8.
exd5 O-O 9. Qd3 Rd8 10. dxe6 Bxe6 11. O-O-O Qxf2 12. Ne4 Qh4 13. g3 Qe7 14. Bg2
Nd7 15. c3 Bf5 16. Qf3 Bh7 17. Nf4 Nf6 18. Nc5 c6 19. Rde1 Qc7 20. Rhf1 Bb6 21.
Ncd3 {Irreproducible} 0-1

[Event "X GRAN TORNEO INTERNACIONAL AFICIONADOS S-2300 "]
[Site "Benidorm (Alicante - SPAIN)"]
[Date "2011.12.09"]
[Round "9"]
[Board "1"]
[White "Lillo Castay, Victor"]
[Black "Lara Lopez, Jose"]
[Result "0-1"]
[WhiteElo "2289"]
[BlackElo "2231"]
[PlyCount "84"]
[EventDate "2011.12.02"]
[EventRounds "10"]
[EventCountry "ESP"]

1. e4 c5 2. Nf3 a6 3. Nc3 b5 4. d4 cxd4 5. Nxd4 Bb7 6. Bd3 g6 7. O-O Bg7 8. Be3
d6 9. a4 b4 10. Nd5 Bxd5 11. exd5 Nf6 12. Bc4 Qc7 13. b3 O-O 14. f4 Nbd7 15. a5
Qb7 16. Qf3 Nc5 17. Rfe1 Nce4 18. Kh1 Rac8 19. Bg1 Nc3 20. Nc6 e6 21. Na7 Ra8
22. dxe6 d5 23. exf7+ Rxf7 24. Bd3 Rxa7 25. Bxa7 Qxa7 26. Re6 Nfe4 27. Rxa6 Qd4
28. Ra8+ Rf8 29. Rxf8+ Bxf8 30. g3 Bc5 31. a6 Ba7 32. Re1 Qf6 33. Kg2 h5 34.
Bxe4 dxe4 35. Qf1 Kg7 36. Qc4 Qb6 37. Rf1 e3 38. f5 e2 39. f6+ Kh6 40. Ra1 Qf2+
41. Kh3 Nd1 42. Qg8 Qf5+ 0-1

[Event "X GRAN TORNEO INTERNACIONAL AFICIONADOS S-2300 "]
[Site "Benidorm (Alicante - SPAIN)"]
[Date "2011.12.09"]
[Round "9"]
[Board "1"]
[White "Sgircea, Silvia-Raluca"]
[Black "Budisin, Stanislav"]
[Result "1-0"]
[WhiteElo "2240"]
[BlackElo "2120"]
[PlyCount "57"]
[EventDate "2011.12.02"]
[EventRounds "10"]
[EventCountry "ESP"]

1. Nf3 Nf6 2. c4 c5 3. Nc3 Nc6 4. d4 cxd4 5. Nxd4 g6 6. e4 d6 7. Be2 Bg7 8. Be3
O-O 9. Qd2 Ng4 10. Bxg4 Bxg4 11. Rc1 Bd7 12. O-O f5 13. Nde2 Ne5 14. f3 Be6 15.
Nd5 fxe4 16. fxe4 Rxf1+ 17. Kxf1 Ng4 18. Bg5 Qf8+ 19. Kg1 Qf2+ 20. Kh1 Bxd5 21.
exd5 Qb6 22. c5 dxc5 23. Rc4 Nf6 24. Qe3 Qd6 25. Qxc5 Qxd5 26. Qc7 e5 27. Ng1
a6 28. Rc5 Qe6 29. Rb5 1-0

[Event "X GRAN TORNEO INTERNACIONAL AFICIONADOS S-2300 "]
[Site "Benidorm (Alicante - SPAIN)"]
[Date "2011.12.09"]
[Round "9"]
[Board "1"]
[White "Suarez Roa, Jose Francisco"]
[Black "Suarez Uriel, Adrian"]
[Result "0-1"]
[WhiteElo "2153"]
[BlackElo "2238"]
[PlyCount "49"]
[EventDate "2011.12.02"]
[EventRounds "10"]
[EventCountry "ESP"]

1. e4 c5 2. Nf3 Nc6 3. c3 Nf6 4. e5 Nd5 5. d4 cxd4 6. cxd4 d6 7. Bc4 Nb6 8. Bb5
d5 9. Nh4 Bd7 10. Nc3 e6 11. Nf3 Be7 12. O-O g5 13. Ne1 Qc7 14. Be2 a6 15. f4
Nxd4 16. Bd3 O-O-O 17. fxg5 Qxe5 18. Bf4 Qg7 19. Qc1 Bc6 20. Ne2 Nxe2+ 21. Bxe2
e5 22. Be3 d4 23. Bf3 Kb8 24. Bd2 e4 25. Bf4+ {Irreproducible} 0-1

[Event "X GRAN TORNEO INTERNACIONAL AFICIONADOS S-2300 "]
[Site "Benidorm (Alicante - SPAIN)"]
[Date "2011.12.09"]
[Round "9"]
[Board "1"]
[White "Garcia Trobat, Francisco"]
[Black "Escudero Manzano, Alejandro"]
[Result "0-1"]
[WhiteElo "2291"]
[BlackElo "2174"]
[PlyCount "144"]
[EventDate "2011.12.02"]
[EventRounds "10"]
[EventCountry "ESP"]

1. d4 d5 2. c4 e6 3. Nc3 c5 4. cxd5 exd5 5. Nf3 Nc6 6. g3 Nf6 7. Bg2 Be7 8. O-O
O-O 9. dxc5 Be6 10. Bg5 Bxc5 11. Bxf6 Qxf6 12. Nxd5 Qxb2 13. Nc7 Rad8 14. Qc1
Qxc1 15. Rfxc1 Bb6 16. Nxe6 fxe6 17. e3 h6 18. Rc2 Rd7 19. Ne1 Ne5 20. Be4 g5
21. h3 Kg7 22. Kg2 Rfd8 23. Rb1 Kf6 24. Rb5 Nf7 25. Nf3 h5 26. g4 hxg4 27. hxg4
Rg8 28. Rb1 Rh8 29. Rcc1 Ne5 30. Nh2 Rd2 31. Rc2 Bxe3 32. Rxd2 Bxd2 33. Rxb7 a5
34. Nf1 Bb4 35. Bf3 Rh4 36. Ne3 Nd3 37. Kg1 Be1 38. Nd1 Ne5 39. Kg2 Nxg4 40.
Bxg4 Rxg4+ 41. Kf1 Bb4 42. Rb5 Rd4 43. Ne3 Bd2 44. Nc2 Rc4 45. Na3 Ra4 46. Nb1
Bb4 47. a3 Bxa3 48. Nxa3 Rxa3 49. Kg2 e5 50. f3 Ra4 51. Kg3 Kf5 52. Rb8 Ra1 53.
Rf8+ Ke6 54. Re8+ Kd6 55. Kg4 Ra4+ 56. Kxg5 Rf4 57. Ra8 a4 58. Ra5 Ke6 59. Kh5
Kf5 60. Ra8 Rxf3 61. Rf8+ Ke4 62. Ra8 a3 63. Kg4 Re3 64. Ra4+ Kd5 65. Ra8 e4
66. Kf4 Rf3+ 67. Kg4 Rc3 68. Kf4 e3 69. Kf3 Kc4 70. Ke2 Kb3 71. Rb8+ Kc2 72.
Ra8 Kb2 0-1

[Event "X GRAN TORNEO INTERNACIONAL AFICIONADOS S-2300 "]
[Site "Benidorm (Alicante - SPAIN)"]
[Date "2011.12.09"]
[Round "9"]
[Board "1"]
[White "Z-Gomez Jurado, Luis Alberto"]
[Black "Lanza, Luciano"]
[Result "0-1"]
[WhiteElo "2288"]
[BlackElo "2178"]
[PlyCount "85"]
[EventDate "2011.12.02"]
[EventRounds "10"]
[EventCountry "ESP"]

1. c4 Nf6 2. g3 e5 3. Bg2 d5 4. cxd5 Nxd5 5. Nc3 Nb6 6. Nf3 Nc6 7. O-O Be7 8.
a3 g5 9. d3 g4 10. Nd2 h5 11. Nc4 Nxc4 12. dxc4 Qxd1 13. Rxd1 Nd4 14. Nb5 Ne6
15. Be3 c5 16. Rd5 f6 17. b4 a6 18. Nd6+ Bxd6 19. Rxd6 cxb4 20. axb4 Rh7 21.
Bb6 Rb8 22. Be4 Rg7 23. Rad1 Ke7 24. c5 Rg8 25. Bd5 Re8 26. Bc4 Nd4 27. Bc7 Ra8
28. Rb6 Rh8 29. Kf1 a5 30. b5 a4 31. Bd5 a3 32. Bxb7 Bxb7 33. Rxb7 Ke6 34. e3
Nb3 35. Bb6 a2 36. Ba7 a1=Q 37. Rxa1 Nxa1 38. c6 Nb3 39. c7 Na5 40. Rb6+ Kd7
41. Bb8 Rc8 42. e4 Nb3 43. Rd6+ 0-1

[Event "X GRAN TORNEO INTERNACIONAL AFICIONADOS S-2300 "]
[Site "Benidorm (Alicante - SPAIN)"]
[Date "2011.12.09"]
[Round "9"]
[Board "1"]
[White "Gromovs, Sergejs"]
[Black "Bendayan Claros, Aaron"]
[Result "1-0"]
[WhiteElo "2275"]
[BlackElo "2175"]
[PlyCount "59"]
[EventDate "2011.12.02"]
[EventRounds "10"]
[EventCountry "ESP"]

1. d4 Nf6 2. Nf3 d5 3. c4 e6 4. Nc3 Bb4 5. Qa4+ Nc6 6. a3 Bxc3+ 7. bxc3 O-O 8.
Bg5 h6 9. Bh4 g5 10. Bg3 Ne4 11. Qc2 Kg7 12. e3 a6 13. Bd3 Nxg3 14. hxg3 dxc4
15. Bxc4 b5 16. Ba2 Ne7 17. O-O-O Bb7 18. Rxh6 Kxh6 19. Rh1+ Kg7 20. Qh7+ Kf6
21. Rh6+ Ng6 22. Ne5 Qe8 23. Ng4+ Ke7 24. Rxg6 Qc6 25. Rxe6+ Qxe6 26. Bxe6 Kxe6
27. e4 f6 28. f3 Rac8 29. Ne3 Rfe8 30. Nf5 1-0

[Event "X GRAN TORNEO INTERNACIONAL AFICIONADOS S-2300 "]
[Site "Benidorm (Alicante - SPAIN)"]
[Date "2011.12.09"]
[Round "9"]
[Board "1"]
[White "Gilea, Lucian"]
[Black "Martinez Tormo, Jorge"]
[Result "1-0"]
[WhiteElo "2269"]
[BlackElo "2162"]
[PlyCount "47"]
[EventDate "2011.12.02"]
[EventRounds "10"]
[EventCountry "ESP"]

1. d4 d5 2. Nf3 e6 3. g3 f5 4. c4 c6 5. Nc3 Nf6 6. Bg2 Be7 7. Bf4 O-O 8. Rc1
Ne4 9. h4 Nd7 10. Qb3 Kh8 11. h5 Qe8 12. Ne5 Ndf6 13. Bf3 b6 14. cxd5 cxd5 15.
Nb5 Bd8 16. Nxa7 Ba6 17. Nac6 Nd7 18. Nxd8 Qxd8 19. Rc7 Nef6 20. a3 Kg8 21.
Nxd7 Nxd7 22. Bxd5 exd5 23. Qxd5+ Rf7 24. Rxd7 1-0

[Event "X GRAN TORNEO INTERNACIONAL AFICIONADOS S-2300 "]
[Site "Benidorm (Alicante - SPAIN)"]
[Date "2011.12.09"]
[Round "9"]
[Board "1"]
[White "Arboledas Fernandez, Antonio A"]
[Black "Vaarala, Eric"]
[Result "0-1"]
[WhiteElo "2137"]
[BlackElo "2226"]
[PlyCount "76"]
[EventDate "2011.12.02"]
[EventRounds "10"]
[EventCountry "ESP"]

1. e4 c5 2. c4 Nc6 3. Nc3 g6 4. d3 Bg7 5. Be3 d6 6. Qd2 a6 7. Be2 Nd4 8. Bd1
Bd7 9. Nf3 b5 10. O-O e6 11. Rb1 b4 12. Ne2 Nxf3+ 13. gxf3 e5 14. f4 Bh3 15.
Re1 f6 16. Ng3 Ne7 17. f5 Qd7 18. Bh6 Kf7 19. Kh1 Qc6 20. Bxg7 Kxg7 21. Nh5+
gxh5 22. Rg1+ Ng6 23. fxg6 hxg6 24. Rg3 Be6 25. f4 Bxc4 26. Qg2 Bf7 27. Bb3
exf4 28. Bxf7 fxg3 29. Bd5 Qc8 30. Qxg3 Qg4 31. Qxd6 Qf3+ 32. Kg1 Raf8 33. Qxc5
h4 34. Qxb4 h3 35. Qd2 Rh4 36. Be6 f5 37. Qc3+ Kh6 38. Qc1+ Kh5 0-1

[Event "X GRAN TORNEO INTERNACIONAL AFICIONADOS S-2300 "]
[Site "Benidorm (Alicante - SPAIN)"]
[Date "2011.12.09"]
[Round "9"]
[Board "1"]
[White "Lopez Pereyra, Antonio"]
[Black "Sanchez Aller, Fernando"]
[Result "0-1"]
[WhiteElo "2132"]
[BlackElo "2300"]
[PlyCount "46"]
[EventDate "2011.12.02"]
[EventRounds "10"]
[EventCountry "ESP"]

1. e4 d5 2. exd5 Nf6 3. Bb5+ Nbd7 4. d4 Nxd5 5. Nf3 e6 6. O-O Be7 7. Bd3 O-O 8.
a3 c5 9. c4 N5f6 10. d5 exd5 11. cxd5 Nb6 12. Qc2 Nbxd5 13. Rd1 h6 14. Nc3 Be6
15. Nh4 Nxc3 16. bxc3 Qc7 17. Bf5 Ng4 18. g3 Bxh4 19. Bf4 Qc8 20. Bxe6 fxe6 21.
Qg6 e5 22. gxh4 Rxf4 23. f3 Nf6 0-1

[Event "X GRAN TORNEO INTERNACIONAL AFICIONADOS S-2300 "]
[Site "Benidorm (Alicante - SPAIN)"]
[Date "2011.12.09"]
[Round "9"]
[Board "1"]
[White "Parligras, Cosmin"]
[Black "O`neill Y Daneiko, Jose Antonio"]
[Result "1/2-1/2"]
[WhiteElo "2251"]
[BlackElo "2091"]
[PlyCount "60"]
[EventDate "2011.12.02"]
[EventRounds "10"]
[EventCountry "ESP"]

1. e4 Nf6 2. e5 Nd5 3. d4 d6 4. Nf3 g6 5. c4 Nb6 6. exd6 cxd6 7. Be3 Bg7 8. Qd2
O-O 9. Bh6 e5 10. Bxg7 Kxg7 11. dxe5 dxe5 12. Be2 Qxd2+ 13. Nbxd2 Nc6 14. O-O
f5 15. Rac1 e4 16. Ne1 Nd4 17. Bd1 Be6 18. b3 Rac8 19. Nc2 Rfd8 20. Nb1 Nxc2
21. Bxc2 Nd7 22. f3 exf3 23. Rxf3 Nf6 24. Re3 Bd7 25. Bd1 Bc6 26. Bf3 Bxf3 27.
gxf3 Kf7 28. Rce1 Re8 29. Kf2 Rxe3 30. Rxe3 Rd8 1/2-1/2

[Event "X GRAN TORNEO INTERNACIONAL AFICIONADOS S-2300 "]
[Site "Benidorm (Alicante - SPAIN)"]
[Date "2011.12.09"]
[Round "9"]
[Board "1"]
[White "Tejero Royo, Fermin"]
[Black "Sokalsky, Alexander"]
[Result "1/2-1/2"]
[WhiteElo "2120"]
[BlackElo "2237"]
[PlyCount "32"]
[EventDate "2011.12.02"]
[EventRounds "10"]
[EventCountry "ESP"]

1. e4 c6 2. d4 d5 3. exd5 cxd5 4. c4 Nf6 5. Nc3 g6 6. cxd5 Bg7 7. Bb5+ Bd7 8.
Be2 O-O 9. Bf3 Bc8 10. Nge2 Nbd7 11. O-O Nb6 12. Nf4 Nc4 13. Re1 Re8 14. Nd3
Nb6 15. Nf4 Nc4 16. Nd3 Nb6 1/2-1/2

[Event "X GRAN TORNEO INTERNACIONAL AFICIONADOS S-2300 "]
[Site "Benidorm (Alicante - SPAIN)"]
[Date "2011.12.09"]
[Round "9"]
[Board "1"]
[White "Bas Mas, Jose Joaquin"]
[Black "Cortes Nadal, Eduardo"]
[Result "1-0"]
[WhiteElo "2214"]
[BlackElo "2074"]
[PlyCount "79"]
[EventDate "2011.12.02"]
[EventRounds "10"]
[EventCountry "ESP"]

1. e4 c5 2. Nf3 d6 3. d4 cxd4 4. Nxd4 Nf6 5. Nc3 g6 6. Bg5 Bg7 7. Bb5+ Bd7 8.
Qe2 O-O 9. O-O-O a6 10. Bxd7 Nbxd7 11. f4 Qc7 12. Rhe1 h6 13. Bxf6 Nxf6 14. e5
Ne8 15. Nd5 Qd8 16. exd6 e6 17. Ne7+ Kh7 18. Nxg6 Kxg6 19. Qd3+ Kf6 20. Nf3
Qxd6 21. Qxd6 Nxd6 22. Rxd6 Rfd8 23. Red1 Ke7 24. Rxd8 Rxd8 25. Rxd8 Kxd8 26.
b3 Bc3 27. Kd1 Ke7 28. Ke2 Kf6 29. Kd3 Bb2 30. g4 h5 31. h3 hxg4 32. hxg4 Kg6
33. Nh4+ Kf6 34. Ke4 e5 35. g5+ Ke6 36. f5+ Kd6 37. Nf3 Bc3 38. a4 Bb2 39. c4
Bc3 40. Nxe5 1-0

[Event "X GRAN TORNEO INTERNACIONAL AFICIONADOS S-2300 "]
[Site "Benidorm (Alicante - SPAIN)"]
[Date "2011.12.09"]
[Round "9"]
[Board "1"]
[White "Accattato Martin, Mario"]
[Black "Mataix Arbona, Cesar"]
[Result "1-0"]
[WhiteElo "2185"]
[BlackElo "2071"]
[PlyCount "71"]
[EventDate "2011.12.02"]
[EventRounds "10"]
[EventCountry "ESP"]

1. e4 e6 2. Nf3 c5 3. c4 Nc6 4. Nc3 Nf6 5. Be2 Be7 6. d4 cxd4 7. Nxd4 d6 8. O-O
O-O 9. Be3 a6 10. Rc1 Bd7 11. Kh1 Rc8 12. f3 Nxd4 13. Bxd4 Bc6 14. b4 a5 15. a3
Ra8 16. Qb3 Qb8 17. b5 Be8 18. Na4 Nd7 19. Nb6 Nxb6 20. Bxb6 Bd7 21. Rfd1 e5
22. c5 Be6 23. Bc4 Bxc4 24. Rxc4 dxc5 25. Rd7 Re8 26. Rxc5 Bf6 27. Qxf7+ Kh8
28. Rxb7 Qd6 29. Qd7 Rad8 30. Qxd6 Rxd6 31. Rd5 Rde6 32. Bxa5 h5 33. Bc7 Ra8
34. Rb8+ Rxb8 35. Bxb8 Re8 36. Bc7 1-0

[Event "X GRAN TORNEO INTERNACIONAL AFICIONADOS S-2300 "]
[Site "Benidorm (Alicante - SPAIN)"]
[Date "2011.12.09"]
[Round "9"]
[Board "1"]
[White "Camacho Calle, Pedro"]
[Black "Sanchez Barbado, Carlos"]
[Result "1/2-1/2"]
[WhiteElo "2072"]
[BlackElo "2180"]
[PlyCount "28"]
[EventDate "2011.12.02"]
[EventRounds "10"]
[EventCountry "ESP"]

1. c4 Nf6 2. Nf3 d5 3. e3 g6 4. b3 Bg7 5. Bb2 O-O 6. Be2 c5 7. cxd5 Qxd5 8. Nc3
Qd8 9. O-O Nc6 10. Rc1 Bf5 11. Na4 b6 12. d4 Nxd4 13. Nxd4 cxd4 14. Qxd4 Qxd4
1/2-1/2

[Event "X GRAN TORNEO INTERNACIONAL AFICIONADOS S-2300 "]
[Site "Benidorm (Alicante - SPAIN)"]
[Date "2011.12.09"]
[Round "9"]
[Board "1"]
[White "Luke Brezmes, Cristofer"]
[Black "Gonzalez Mateos, Rafael"]
[Result "0-1"]
[WhiteElo "2027"]
[BlackElo "2145"]
[PlyCount "104"]
[EventDate "2011.12.02"]
[EventRounds "10"]
[EventCountry "ESP"]

1. e4 e6 2. d4 d5 3. Nd2 c5 4. exd5 exd5 5. Ngf3 Nf6 6. c3 Be7 7. Bd3 O-O 8.
O-O Bg4 9. dxc5 Bxc5 10. Qb3 Bb6 11. Ne5 Be6 12. Qc2 Nbd7 13. Ndf3 h6 14. Bf4
Rc8 15. Rad1 Nc5 16. Bf5 Nce4 17. Bxe6 fxe6 18. Ng6 Ng4 19. Nxf8 Ngxf2 20. Nxe6
Nxd1+ 21. Nfd4 Qd7 22. Qxd1 Qxe6 23. Qh5 Bxd4+ 24. cxd4 Rc2 25. Qf3 Rxb2 26.
Be5 Qg6 27. h4 Kh7 28. h5 Qg5 29. Bf4 Qf6 30. Be5 Qxf3 31. Rxf3 Ng5 32. Ra3 a6
33. Ra5 Nf7 34. Bg3 g6 35. Rxd5 gxh5 36. Ra5 Kg6 37. Bf4 h4 38. Kh2 Ng5 39. Ra3
Kf5 40. Bc1 Rc2 41. Bxg5 hxg5 42. Rf3+ Ke4 43. Rf7 g4 44. Rg7 Kf5 45. Rf7+ Kg6
46. Rxb7 h3 47. Rb6+ Kg5 48. Rxa6 Rxg2+ 49. Kh1 Rd2 50. Ra3 Kh4 51. Rb3 Rd1+
52. Kh2 g3+ 0-1

[Event "X GRAN TORNEO INTERNACIONAL AFICIONADOS S-2300 "]
[Site "Benidorm (Alicante - SPAIN)"]
[Date "2011.12.09"]
[Round "9"]
[Board "1"]
[White "Perez Aleman, Pedro Tomas"]
[Black "Jovic, Stevan"]
[Result "1-0"]
[WhiteElo "2119"]
[BlackElo "2293"]
[PlyCount "57"]
[EventDate "2011.12.02"]
[EventRounds "10"]
[EventCountry "ESP"]

1. e4 c6 2. d4 d5 3. e5 Bf5 4. Nf3 e6 5. Be2 Nd7 6. O-O h6 7. b3 Ne7 8. Bb2 a6
9. c4 b5 10. Nc3 g5 11. Qd2 Ng6 12. Rac1 g4 13. Ne1 h5 14. cxb5 Bh6 15. Qd1
Bxc1 16. Qxc1 cxb5 17. Ba3 Rc8 18. Bd6 Ndxe5 19. dxe5 d4 20. Qa3 Rxc3 21. Qxa6
d3 22. Nxd3 f6 23. Rd1 Qc8 24. Qa7 Qd7 25. Qa5 Qc8 26. Nc5 Rc2 27. Qa7 Qc6 28.
exf6 Rh7 29. f7+ 1-0

[Event "X GRAN TORNEO INTERNACIONAL AFICIONADOS S-2300 "]
[Site "Benidorm (Alicante - SPAIN)"]
[Date "2011.12.09"]
[Round "9"]
[Board "1"]
[White "Permuy Lorenzo, Carlos Javier"]
[Black "Diaz Velandia, Jose Manuel"]
[Result "1/2-1/2"]
[WhiteElo "2290"]
[BlackElo "2111"]
[PlyCount "68"]
[EventDate "2011.12.02"]
[EventRounds "10"]
[EventCountry "ESP"]

1. c4 e6 2. g3 c5 3. Bg2 Nc6 4. Nf3 d5 5. O-O Nf6 6. cxd5 exd5 7. d4 c4 8. Nc3
Bb4 9. Ne5 O-O 10. Bg5 Be6 11. Qa4 Qa5 12. Nxc6 Qxa4 13. Nxa4 bxc6 14. Bxf6
gxf6 15. b3 cxb3 16. axb3 Bf5 17. Rfc1 Rfc8 18. Ra2 Rab8 19. f3 Rb5 20. e4 dxe4
21. fxe4 Be6 22. Bf1 Bxb3 23. Bxb5 Bxa2 24. Rxc6 Rxc6 25. Bxc6 Bb3 26. Kf2 Bxa4
27. Bxa4 Kf8 28. Ke3 Ke7 29. Kd3 Kd6 30. Bb3 Ke7 31. Kc4 Ba3 32. Kb5 h6 33. g4
Bb2 34. Kc5 Bc3 1/2-1/2